[Event "RUS-chT 02nd"]
[Site "Kolontaevo"]
[Date "1994.??.??"]
[Round "6"]
[White "Nikolenko, Oleg"]
[Black "Petrienko, Vladimir"]
[Result "1-0"]
[WhiteElo "2475"]
[BlackElo "2450"]
[PlyCount "105"]
[EventDate "1994.??.??"]
[EventType "team-tourn"]
[EventRounds "9"]
[EventCountry "RUS"]
[SourceTitle "EXT 2020"]
[Source "ChessBase"]
[SourceDate "2019.10.17"]
[SourceVersion "1"]
[SourceVersionDate "2019.10.17"]
[SourceQuality "1"]
[WhiteTeam "Sovetov Krylia"]
[BlackTeam "Voronezh OShK"]
[WhiteTeamCountry "RUS"]
[BlackTeamCountry "RUS"]

1. e4 c5 2. Nf3 Nc6 3. Bb5 e6 4. 0-0 Nge7 5. Re1 Qb6 6. Na3 Ng6 7. Bxc6 bxc6 8. d4 cxd4 9. Nc4 Qc7 10. Qxd4 Ba6 11. e5 Bxc4 12. Qxc4 Rb8 13. Qg4 Be7 14. h4 h5 15. Qe4 0-0 16. b3 a5 17. Bd2 d5 18. exd6 Bxd6 19. Rad1 Bb4 20. c3 Bc5 21. Be3 Bxe3 22. Rxe3 a4 23. b4 Rfd8 24. Rd4 c5 25. bxc5 Qxc5 26. Rxd8+ Rxd8 27. Qxa4 Ne7 28. Qc2 Nf5 29. Rd3 Rc8 30. Qd1 g6 31. Ng5 Nh6 32. Rd8+ Rxd8 33. Qxd8+ Kg7 34. Qd4+ Qxd4 35. cxd4 Kf6 36. a4 Ke7 37. g3 Kd6 38. Kg2 Kd5 39. a5 Kc6 40. Kf3 Kb5 41. Kf4 Kxa5 42. Nxe6 Kb5 43. Kg5 Ng4 44. Nd8 Nxf2 45. Nxf7 Ne4+ 46. Kf4 Nc3 47. Ke5 Kc4 48. Nh8 Ne2 49. d5 Kc5 50. Nxg6 Nc3 51. d6 Kc6 52. Ke6 Ne4 53. Ne5+ 1-0

[Event "Hlohovec op"]
[Site "Hlohovec"]
[Date "1994.??.??"]
[Round "?"]
[White "Petrienko, Vladimir"]
[Black "Boric, Muhamed"]
[Result "1-0"]
[WhiteElo "2450"]
[BlackElo "2290"]
[PlyCount "93"]
[EventDate "1994.??.??"]
[EventType "swiss"]
[EventRounds "9"]
[EventCountry "SVK"]
[SourceTitle "EXT 1997"]
[Source "ChessBase"]
[SourceDate "1996.11.15"]
[SourceVersion "1"]
[SourceVersionDate "1996.11.15"]
[SourceQuality "1"]

1. e4 c5 2. Nc3 d6 3. Nge2 a6 4. g3 Nf6 5. Bg2 e6 6. 0-0 Be7 7. d4 cxd4 8. Nxd4 0-0 9. b3 Qc7 10. Bb2 Bd7 11. Nce2 Nc6 12. c4 Nxd4 13. Nxd4 Rab8 14. Rc1 Rfc8 15. Qe2 Qa5 16. Bc3 Qc5 17. Qd2 Be8 18. Bb4 Qc7 19. Rfd1 Nd7 20. Rc2 Nc5 21. Qe3 Qb6 22. Ba3 Nd7 23. Rcd2 Bf8 24. h3 Qc7 25. Kh2 b5 26. cxb5 axb5 27. Bb4 Qb6 28. Nc2 Nc5 29. Ne1 e5 30. Rc1 Qb7 31. Rdc2 Na6 32. Nd3 Rxc2 33. Rxc2 Rc8 34. Qc1 Rxc2 35. Qxc2 Bc6 36. f3 f5 37. Qe2 fxe4 38. fxe4 Bd7 39. Bd2 Qc8 40. Nb4 Nxb4 41. Bxb4 Bc6 42. a4 bxa4 43. Qc4+ d5 44. exd5 Bb7 45. d6+ Qxc4 46. bxc4 Bxg2 47. d7 1-0

[Event "Karvina op"]
[Site "Karvina"]
[Date "1994.??.??"]
[Round "?"]
[White "Petrienko, Vladimir"]
[Black "Dworakowska, Joanna"]
[Result "1-0"]
[WhiteElo "2450"]
[BlackElo "2190"]
[PlyCount "73"]
[EventDate "1994.??.??"]
[EventType "swiss"]
[EventRounds "9"]
[EventCountry "CZE"]
[SourceTitle "EXT 2004"]
[Source "ChessBase"]
[SourceDate "2003.11.25"]
[SourceVersion "1"]
[SourceVersionDate "2003.11.25"]
[SourceQuality "1"]

1. e4 c5 2. Nc3 d6 3. f4 g6 4. Nf3 Bg7 5. Bc4 Nf6 6. 0-0 0-0 7. Qe1 e6 8. d3 Nc6 9. a3 a6 10. Kh1 b5 11. Ba2 Bb7 12. f5 b4 13. axb4 cxb4 14. Nd1 exf5 15. exf5 Qe7 16. fxg6 hxg6 17. Ne3 Nh5 18. Qf2 Rae8 19. Nc4 Ne5 20. Ncxe5 dxe5 21. Ng5 Bf6 22. Ne4 Bxe4 23. dxe4 Rc8 24. Bb3 Rc6 25. Bd5 Rd6 26. Be3 Bh4 27. g3 Rf6 28. Qg1 Bxg3 29. hxg3 Rc8 30. Bb3 Kg7 31. Rxf6 Qxf6 32. Qf2 Rh8 33. Kg2 Qe7 34. Rxa6 Qb7 35. Bd5 Nf4+ 36. Qxf4 exf4 37. Bd4+ 1-0